[Event "2017 Oceania Zone 3.6 Zonal Championshi"]
[Site "Auckland NZL"]
[Date "2017.01.14"]
[Round "1.49"]
[White "Nicholls, Leighton"]
[Black "Nylund, Timothy"]
[Result "1-0"]
[WhiteElo "1929"]
[BlackElo "1346"]
[PlyCount "71"]
[EventDate "2017.01.14"]

1. e4 c5 2. c3 d6 3. d4 g6 4. Nf3 Bg7 5. Be3 Nf6 6. Nbd2 O-O 7. h3 b5 8. Bxb5
Qb6 9. Qb3 Bb7 10. Bd3 Qxb3 11. axb3 Nbd7 12. O-O a5 13. Ra3 e5 14. dxc5 dxc5
15. Rfa1 Rfd8 16. Rxa5 Rxa5 17. Rxa5 h6 18. Bc2 Bf8 19. Ne1 Ra8 20. Rxa8 Bxa8
21. f3 Nh5 22. Nd3 Kg7 23. Nc4 f5 24. Ndxe5 Nxe5 25. Nxe5 f4 26. Bf2 Kf6 27.
Nd7+ Kf7 28. Nxf8 Kxf8 29. Bxc5+ Kf7 30. Kf2 Ke6 31. b4 Kd7 32. Ba4+ Kc7 33.
Bf8 Bc6 34. Bxc6 Kxc6 35. Bxh6 Kb5 36. b3 1-0

[Event "2017 Oceania Zone 3.6 Zonal Championshi"]
[Site "Auckland NZL"]
[Date "2017.01.14"]
[Round "1.51"]
[White "Wang, Tony"]
[Black "Qiu, Daniel"]
[Result "1-0"]
[WhiteElo "1913"]
[BlackElo "1295"]
[PlyCount "61"]
[EventDate "2017.01.14"]

1. d4 d5 2. c4 e6 3. Nc3 c5 4. Bf4 a6 5. e3 Nc6 6. Nf3 Nf6 7. a3 cxd4 8. Nxd4
Nxd4 9. Qxd4 Be7 10. c5 a5 11. Nb5 O-O 12. Nc7 Ra7 13. c6 bxc6 14. Qxa7 Nd7 15.
Na6 e5 16. Bg3 Bd6 17. Rc1 Bxa6 18. Qxa6 Nb8 19. Qa8 Qb6 20. Rc2 Rc8 21. Be2
Rc7 22. O-O Ra7 23. Rxc6 Qxc6 24. Qxa7 Bc7 25. Bb5 Qxb5 26. Qxc7 Qe8 27. Bxe5
Nd7 28. Rc1 h6 29. Qc8 Qxc8 30. Rxc8+ Kh7 31. Bd4 1-0

[Event "2017 Oceania Zone 3.6 Zonal Championshi"]
[Site "Auckland NZL"]
[Date "2017.01.14"]
[Round "1.52"]
[White "Oka, Tsukasa"]
[Black "Narenthran, Tharmaratnam"]
[Result "0-1"]
[WhiteElo "1276"]
[BlackElo "1909"]
[PlyCount "36"]
[EventDate "2017.01.14"]

1. d4 d5 2. c4 c6 3. Nc3 Nf6 4. e3 e6 5. Nf3 Nbd7 6. Bd2 Bd6 7. b3 O-O 8. Bd3
Qe7 9. Qc2 e5 10. dxe5 Nxe5 11. Nxe5 Bxe5 12. O-O Bxh2+ 13. Kxh2 Qe5+ 14. Kg1
Ng4 15. g3 Qh5 16. Kg2 Nh2 17. Qd1 Qh3+ 18. Kg1 Ng4 0-1

[Event "2017 Oceania Zone 3.6 Zonal Championshi"]
[Site "Auckland NZL"]
[Date "2017.01.14"]
[Round "1.53"]
[White "Tsai, Charles"]
[Black "Barry, Jacob"]
[Result "1-0"]
[WhiteElo "1908"]
[BlackElo "1224"]
[PlyCount "103"]
[EventDate "2017.01.14"]

1. Nf3 Nc6 2. e4 e5 3. Bb5 a6 4. Ba4 g6 5. d3 Nge7 6. Nbd2 Bg7 7. c3 d6 8. h3
O-O 9. Nf1 h6 10. Bb3 b6 11. g4 Bb7 12. h4 Qd7 13. Rg1 Rad8 14. Ne3 Na5 15. Bc2
c5 16. h5 g5 17. d4 exd4 18. cxd4 cxd4 19. Nxd4 Rfe8 20. Qd3 Kf8 21. Bd2 Nec6
22. Bc3 Ne5 23. Qe2 Rc8 24. Ndf5 Bf6 25. Nxh6 Bg7 26. Nhf5 Bf6 27. O-O-O Nac4
28. Nxc4 Nxc4 29. Bxf6 Bxe4 30. Bg7+ Kg8 31. Bxe4 Ne3+ 32. Bc3 Nxf5 33. gxf5
Qa4 34. Rxg5+ Kf8 35. Bc2 Rxc3 36. Qd2 Rxc2+ 37. Qxc2 Qf4+ 38. Qd2 Rc8+ 39. Kb1
Qe4+ 40. Qd3 Qf4 41. Qxd6+ Qxd6 42. Rxd6 Re8 43. a3 Ke7 44. Rxb6 Rh8 45. f6+
Kd7 46. Rxa6 Rh6 47. Re5 Kc7 48. Re7+ Kb8 49. Rxf7 Rxh5 50. Re6 Rh8 51. Rfe7
Kc8 52. f7 1-0

[Event "2017 Oceania Zone 3.6 Zonal Championshi"]
[Site "Auckland NZL"]
[Date "2017.01.14"]
[Round "1.54"]
[White "Dukeson, Ryan"]
[Black "Louie, Jared"]
[Result "0-1"]
[WhiteElo "1150"]
[BlackElo "1895"]
[PlyCount "156"]
[EventDate "2017.01.14"]

1. c4 Nf6 2. Nc3 c5 3. g3 Nc6 4. Bg2 e6 5. e4 Be7 6. Nge2 O-O 7. O-O d6 8. d3
a6 9. h3 Qc7 10. Be3 Bd7 11. f4 Rfe8 12. a3 Rab8 13. g4 b5 14. b3 b4 15. axb4
cxb4 16. Nb1 a5 17. Ng3 Red8 18. g5 Ne8 19. Qf3 Bf8 20. e5 dxe5 21. Nd2 Nd4 22.
Bxd4 exd4 23. Ne2 Bc8 24. Qc6 Qa7 25. Qe4 Bd6 26. Qc6 Bb7 27. Qa4 Bxg2 28. Kxg2
Qb7+ 29. Kg1 Ra8 30. Rfc1 Qc7 31. Rf1 f5 32. Rac1 Qc5 33. Qb5 g6 34. Qxc5 Bxc5
35. Rce1 Ng7 36. Ng3 Bd6 37. Kg2 a4 38. bxa4 Rxa4 39. Nb3 Ra2+ 40. Re2 Rxe2+
41. Nxe2 e5 42. fxe5 Bxe5 43. Ra1 Ne6 44. Ra5 Bg7 45. h4 h6 46. Ra6 Kf7 47.
Ra7+ Ke8 48. Ra6 Ke7 49. Ra7+ Ke8 50. Ra6 Kf7 51. Ra7+ Kg8 52. Ra6 Nf8 53. gxh6
Bxh6 54. Nexd4 Be3 55. Ne6 Nxe6 56. Rxe6 Rxd3 57. Na5 Kf7 58. Re5 Bd2 59. Rb5
Ke6 60. Nc6 b3 61. Nb8 Bc1 62. Rb6+ Kf7 63. Rb7+ Ke6 64. Rb6+ Kf7 65. Rb7+ Kg8
66. c5 b2 67. c6 Rc3 68. Rb6 f4 69. c7 Rxc7 70. Rxg6+ Rg7 71. Rxg7+ Kxg7 72.
Nd7 b1=Q 73. Kf3 Qb7+ 74. Kf2 Qxd7 75. Kg2 Qg4+ 76. Kf2 Be3+ 77. Ke1 Qg2 78.
Kd1 Qd2# 0-1

[Event "2017 Oceania Zone 3.6 Zonal Championshi"]
[Site "Auckland NZL"]
[Date "2017.01.14"]
[Round "1.55"]
[White "Kempen, Leon"]
[Black "Gao, Hugh"]
[Result "1-0"]
[WhiteElo "1887"]
[BlackElo "1121"]
[PlyCount "89"]
[EventDate "2017.01.14"]

1. d4 d5 2. c4 Nf6 3. cxd5 Nxd5 4. Nf3 Nc6 5. a3 Bg4 6. Nbd2 g6 7. h3 Bxf3 8.
Nxf3 Bg7 9. e3 e5 10. Bb5 Nde7 11. O-O Qd5 12. Bxc6+ Nxc6 13. dxe5 Qxd1 14.
Rxd1 Nxe5 15. Nxe5 Bxe5 16. Kf1 O-O 17. Rb1 Rad8 18. Rxd8 Rxd8 19. Ke2 Kg7 20.
Bd2 Rd5 21. a4 Rc5 22. Kd3 Rd5+ 23. Ke2 Rc5 24. f4 Bf6 25. g4 Rc2 26. g5 Be7
27. Kd3 Rc6 28. Bc3+ Kg8 29. h4 Bc5 30. Be5 Bd6 31. Bf6 h6 32. h5 Bf8 33. hxg6
hxg5 34. gxf7+ Kxf7 35. Bxg5 Bc5 36. Rc1 Rd6+ 37. Ke2 Bb6 38. Rc4 Kg6 39. b4 c6
40. e4 Bc7 41. Be7 Rd7 42. f5+ Kf7 43. Bc5 b6 44. Be3 Re7 45. Rxc6 1-0

[Event "2017 Oceania Zone 3.6 Zonal Championshi"]
[Site "Auckland NZL"]
[Date "2017.01.14"]
[Round "1.56"]
[White "Yuan, Kimberley"]
[Black "Lam, Ross"]
[Result "0-1"]
[WhiteElo "962"]
[BlackElo "1883"]
[PlyCount "100"]
[EventDate "2017.01.14"]

1. c4 e5 2. Nc3 Nf6 3. g3 Bc5 4. Bg2 Nc6 5. e3 a6 6. Nge2 d6 7. O-O Ba7 8. b3
O-O 9. Bb2 Bf5 10. d3 Rb8 11. Rc1 Ne7 12. Re1 Ng6 13. Qd2 c6 14. Rcd1 d5 15.
cxd5 cxd5 16. Nxd5 Nxd5 17. e4 Be6 18. exd5 Bxd5 19. Nc1 Bxg2 20. Kxg2 Qd5+ 21.
Kg1 Rbd8 22. Qe2 Rfe8 23. Qe4 Qd7 24. Qe2 b5 25. Qf3 f6 26. Re2 Rc8 27. Red2
Red8 28. a3 Nf8 29. b4 Ne6 30. Nb3 Ng5 31. Qg2 Qf5 32. Nc1 Nf3+ 33. Kh1 Nxd2
34. Rxd2 Bd4 35. Ne2 Bxb2 36. Rxb2 Qxd3 37. Ng1 Rc1 38. h3 Qxa3 39. Re2 Qxb4
40. Kh2 Qc4 41. Qf3 a5 42. Kg2 a4 43. Kh2 b4 44. Kg2 a3 45. Kh2 b3 46. Kg2 a2
47. Kh2 a1=Q 48. Qg2 b2 49. Kh1 Qxe2 50. Kh2 b1=Q 0-1

[Event "2017 Oceania Zone 3.6 Zonal Championshi"]
[Site "Auckland NZL"]
[Date "2017.01.15"]
[Round "2.34"]
[White "Renjith, Sravan"]
[Black "Polishchuk, Kirill"]
[Result "1-0"]
[WhiteElo "1612"]
[BlackElo "2175"]
[PlyCount "97"]
[EventDate "2017.01.14"]

1. d4 Nf6 2. Nf3 e6 3. c4 c5 4. e3 d5 5. dxc5 Bxc5 6. cxd5 Nxd5 7. Bb5+ Bd7 8.
Bxd7+ Nxd7 9. O-O O-O 10. Nc3 Nxc3 11. bxc3 Nb6 12. Qc2 Rc8 13. Rd1 Qf6 14. a3
Rc7 15. Bb2 Nc4 16. Nd2 Bb6 17. Nxc4 Rxc4 18. Rd7 Rg4 19. h3 Rh4 20. c4 Qg5 21.
Qc3 Rc8 22. Rc1 f6 23. Kh1 Qf5 24. Qd2 h6 25. Rxg7+ Kxg7 26. Qd7+ Kg6 27. Qxc8
h5 28. Qg8+ Kh6 29. Qg3 Qg5 30. Qxg5+ fxg5 31. c5 Bc7 32. f4 Kg6 33. c6 bxc6
34. Rxc6 Bb8 35. Rxe6+ Kf5 36. Rf6+ Ke4 37. fxg5 Kxe3 38. g6 Re4 39. g7 Kd2 40.
Rf1 Re8 41. Bf6 Bd6 42. g4 hxg4 43. hxg4 Ke2 44. Rf5 Rb8 45. Kg2 Ke3 46. Kh3
Ke4 47. Kh4 Bf4 48. Kh5 Bd6 49. Kg6 1-0

[Event "2017 Oceania Zone 3.6 Zonal Championshi"]
[Site "Auckland NZL"]
[Date "2017.01.15"]
[Round "2.35"]
[White "Notley, David G"]
[Black "Jacobs, Hilton J"]
[Result "1-0"]
[WhiteElo "2036"]
[BlackElo "1678"]
[PlyCount "127"]
[EventDate "2017.01.14"]

1. Nf3 d5 2. c4 d4 3. g3 Nf6 4. Bg2 c5 5. b4 Nc6 6. a3 a5 7. bxc5 e5 8. d3 Bxc5
9. Nbd2 O-O 10. O-O a4 11. Ng5 Qc7 12. Nge4 Be7 13. Nxf6+ Bxf6 14. Rb1 Be7 15.
Ne4 Bd7 16. e3 f5 17. Nd2 Bc5 18. exd4 Bxd4 19. Nf3 Na5 20. Ng5 g6 21. Bd5+ Kg7
22. Ne6+ Bxe6 23. Bxe6 Nb3 24. Bd5 Ra6 25. Bb2 f4 26. Bxd4 exd4 27. Qe2 Raf6
28. Rbe1 Qb8 29. Qe7+ Kh6 30. Re2 b6 31. Re6 Rxe6 32. Qxe6 Qc8 33. Qe7 Qf5 34.
Qh4+ Qh5 35. Qxh5+ Kxh5 36. Re1 fxg3 37. hxg3 Rf6 38. Kg2 g5 39. Rh1+ Kg6 40.
Be4+ Kg7 41. Rxh7+ Kf8 42. Rh5 Na1 43. Rxg5 Nc2 44. Rb5 Kg8 45. Rd5 Kf7 46.
Rd7+ Ke6 47. Ra7 Nxa3 48. Rxa4 Nc2 49. Ra6 Ke7 50. Kf1 Ne3+ 51. Ke2 Ng4 52. f4
Rh6 53. Ra7+ Kd6 54. Rh7 Rxh7 55. Bxh7 Ne3 56. Be4 Ke6 57. Kf3 Kf6 58. g4 Ke6
59. g5 Kd6 60. f5 Ke5 61. f6 Ke6 62. Kf4 Nf1 63. Bd5+ Kd6 64. g6 1-0

[Event "2017 Oceania Zone 3.6 Zonal Championshi"]
[Site "Auckland NZL"]
[Date "2017.01.15"]
[Round "2.36"]
[White "Hair, Philip I"]
[Black "Wang, Aaron Ziwen"]
[Result "0-1"]
[WhiteElo "1877"]
[BlackElo "1598"]
[PlyCount "90"]
[EventDate "2017.01.14"]

1. e4 c5 2. Nc3 Nc6 3. g3 Nf6 4. Bg2 e6 5. Nge2 d5 6. exd5 exd5 7. d3 Be7 8.
O-O O-O 9. h3 d4 10. Ne4 Nxe4 11. dxe4 f5 12. exf5 Bxf5 13. Nf4 Nb4 14. Nd3
Nxd3 15. cxd3 Qd7 16. g4 Bg6 17. Qb3+ Kh8 18. f4 Rab8 19. f5 Bf7 20. Qc2 Bd5
21. Bf4 Bd6 22. Bxd5 Bxf4 23. Rxf4 Qxd5 24. Qg2 Qxg2+ 25. Kxg2 Rbe8 26. Rc1 b6
27. Re4 Rxe4 28. dxe4 Re8 29. Kf3 Kg8 30. Rd1 Kf7 31. b4 Rd8 32. e5 c4 33. Ke4
d3 34. Ke3 b5 35. a3 a6 36. Rd2 Rc8 37. Rd1 Ke7 38. Rc1 Rd8 39. Rd1 a5 40. Rd2
axb4 41. axb4 Ra8 42. Rf2 Rd8 43. f6+ gxf6 44. exf6+ Kf7 45. g5 c3 0-1

[Event "2017 Oceania Zone 3.6 Zonal Championshi"]
[Site "Auckland NZL"]
[Date "2017.01.15"]
[Round "2.37"]
[White "Prasad, Rudr"]
[Black "Yung, Cameron"]
[Result "1/2-1/2"]
[WhiteElo "1566"]
[BlackElo "1862"]
[PlyCount "58"]
[EventDate "2017.01.14"]

1. d4 d5 2. c4 e6 3. Nc3 f5 4. Bf4 c6 5. e3 Nf6 6. Nf3 Bd6 7. Bxd6 Qxd6 8. cxd5
exd5 9. Bd3 O-O 10. O-O Ne4 11. Qb3 Kh8 12. Rad1 Nd7 13. Nd2 Rf6 14. f3 Nxc3
15. Qxc3 Rh6 16. f4 Nf6 17. Nf3 Ne4 18. Bxe4 fxe4 19. Ne5 Kg8 20. Rf2 Bd7 21.
h3 Rf8 22. Kh2 g5 23. g4 Rh4 24. Rg1 Bc8 25. f5 Rf6 26. a3 b6 27. b4 Ba6 28.
Rg3 Rfh6 29. Kg2 Bb7 1/2-1/2

[Event "2017 Oceania Zone 3.6 Zonal Championshi"]
[Site "Auckland NZL"]
[Date "2017.01.15"]
[Round "2.38"]
[White "Winkelman, Albert"]
[Black "Oka, Hikaru"]
[Result "1-0"]
[WhiteElo "1860"]
[BlackElo "1559"]
[PlyCount "67"]
[EventDate "2017.01.14"]

1. e4 c5 2. Nf3 d6 3. d4 cxd4 4. Nxd4 Nf6 5. Nc3 a6 6. Be3 g6 7. f3 Bg7 8. Qd2
b5 9. O-O-O Bb7 10. Kb1 Nbd7 11. g4 Nb6 12. a3 Rc8 13. h4 Nfd7 14. h5 Ne5 15.
hxg6 hxg6 16. Rxh8+ Bxh8 17. Qh2 Bg7 18. Qh7 Bf8 19. Bh3 Rxc3 20. bxc3 Na4 21.
Ne2 Nc4 22. Bc1 Qa5 23. Qh8 Ne5 24. Rd3 Nxd3 25. cxd3 e5 26. Bh6 Nxc3+ 27. Nxc3
Qxc3 28. Qxf8+ Kd7 29. Qxf7+ Kc6 30. Qa2 Qe1+ 31. Bc1 Kc5 32. Qd2 Qg3 33. Qc3+
Kb6 34. Be3# 1-0

[Event "2017 Oceania Zone 3.6 Zonal Championshi"]
[Site "Auckland NZL"]
[Date "2017.01.15"]
[Round "2.39"]
[White "Fikh, Anthony"]
[Black "Zhang, William Jiewen"]
[Result "1-0"]
[WhiteElo "1553"]
[BlackElo "1856"]
[PlyCount "77"]
[EventDate "2017.01.14"]

1. Nf3 f5 2. d3 Nf6 3. e4 fxe4 4. dxe4 Nxe4 5. Bd3 d5 6. Bxe4 dxe4 7. Qxd8+
Kxd8 8. Ng5 Ke8 9. Nxe4 Bf5 10. Nbc3 e5 11. Be3 Bb4 12. O-O-O Nc6 13. a3 Ba5
14. f3 Bb6 15. Bxb6 axb6 16. Nb5 Rc8 17. Nbd6+ cxd6 18. Nxd6+ Ke7 19. Nxf5+ Kf6
20. Nd6 Rc7 21. Ne4+ Ke7 22. c3 Rd8 23. Rxd8 Nxd8 24. Rd1 Nf7 25. b4 Rc6 26. h4
h6 27. Kc2 Nd8 28. Rd5 Nf7 29. a4 Ke6 30. Rd2 Ke7 31. Kb3 Ke6 32. b5 Rc8 33.
Kb4 Ra8 34. g3 Ke7 35. Rd5 Ke6 36. c4 Ra5 37. Rd2 Ra8 38. c5 bxc5+ 39. Nxc5+
1-0

[Event "2017 Oceania Zone 3.6 Zonal Championshi"]
[Site "Auckland NZL"]
[Date "2017.01.15"]
[Round "2.40"]
[White "Picken, Oliver"]
[Black "Hooton, Barry R"]
[Result "0-1"]
[WhiteElo "1853"]
[BlackElo "1478"]
[PlyCount "100"]
[EventDate "2017.01.14"]

1. e4 e5 2. Nf3 Nc6 3. Nc3 Nf6 4. d4 exd4 5. Nd5 Be7 6. Nxd4 O-O 7. Nf5 d6 8.
Nfxe7+ Nxe7 9. Nxf6+ gxf6 10. Qf3 Nc6 11. Bh6 Re8 12. O-O-O Be6 13. h4 Kh8 14.
Qc3 Ne5 15. Be2 Rg8 16. h5 Qe7 17. f4 Rxg2 18. fxe5 Rxe2 19. exf6 Qd7 20. Bg7+
Kg8 21. Rhg1 Rxe4 22. Rd4 Rg4 23. Rdxg4 Bxg4 24. Qg3 Bxh5 25. Qg5 Bg6 26. Qh6
Qf5 27. Kb1 Qxc2+ 28. Ka1 Qf2 29. Rh1 Re8 30. Qc1 Re2 31. Qc3 Re3 32. Qc1 Re2
33. a3 c6 34. Qc3 Qb6 35. Bh6 d5 36. Bc1 Qd8 37. Qf3 Re6 38. Bg5 Qe8 39. Qf2
Re4 40. Bh6 b6 41. Bg7 Qe5 42. Qd2 c5 43. Rg1 Re2 44. Qc1 d4 45. Rg5 Qe4 46.
Ka2 Qe6+ 47. Ka1 Re1 48. Qxe1 Qxe1+ 49. Ka2 Bb1+ 50. Kb3 Qe3+ 0-1

[Event "2017 Oceania Zone 3.6 Zonal Championshi"]
[Site "Auckland NZL"]
[Date "2017.01.15"]
[Round "2.41"]
[White "Li, Rodney Xiang Rui"]
[Black "Davis, Tony J"]
[Result "0-1"]
[WhiteElo "1525"]
[BlackElo "1851"]
[PlyCount "48"]
[EventDate "2017.01.14"]

1. e4 c5 2. Nf3 g6 3. d4 cxd4 4. Nxd4 Nc6 5. Be3 Bg7 6. Nc3 Nf6 7. f3 O-O 8.
Qd2 d5 9. O-O-O dxe4 10. fxe4 Qa5 11. Nb3 Qh5 12. Be2 Bg4 13. Bxg4 Nxg4 14. Bf4
e5 15. Bg3 Bh6 16. Nc5 Rfd8 17. Nxb7 Rxd2 18. Rxd2 Bxd2+ 19. Kxd2 Qg5+ 20. Ke2
Nd4+ 21. Kd1 Ne3+ 22. Kd2 Nc4+ 23. Kd3 Rc8 24. Bf2 Qd2# 0-1

[Event "2017 Oceania Zone 3.6 Zonal Championshi"]
[Site "Auckland NZL"]
[Date "2017.01.15"]
[Round "2.44"]
[White "Murdoch, Stephen"]
[Black "Maligin, William"]
[Result "0-1"]
[WhiteElo "1438"]
[BlackElo "1834"]
[PlyCount "52"]
[EventDate "2017.01.14"]

1. d4 Nf6 2. e3 g6 3. Nf3 Bg7 4. Be2 O-O 5. O-O c5 6. b3 cxd4 7. exd4 d5 8. Bb2
Nc6 9. c4 Bf5 10. a3 Rc8 11. Nc3 dxc4 12. bxc4 Ne4 13. Na4 Na5 14. c5 Be6 15.
Nc3 Nxc3 16. Bxc3 Nb3 17. Rb1 Nxc5 18. dxc5 Bxc3 19. Qxd8 Rfxd8 20. Rxb7 Rxc5
21. Rxa7 Ra5 22. Rxe7 Bf6 23. Rc7 Rxa3 24. h3 Ra2 25. Bc4 Rc2 26. Bxe6 Rxc7 0-1

[Event "2017 Oceania Zone 3.6 Zonal Championshi"]
[Site "Auckland NZL"]
[Date "2017.01.15"]
[Round "2.45"]
[White "Eade, Don"]
[Black "Dai, Oliver"]
[Result "1-0"]
[WhiteElo "1831"]
[BlackElo "1432"]
[PlyCount "63"]
[EventDate "2017.01.14"]

1. e4 c5 2. Nf3 Nc6 3. d4 cxd4 4. Nxd4 g6 5. Nc3 Bg7 6. Be3 e6 7. Qd2 Nge7 8.
O-O-O O-O 9. h4 d5 10. exd5 exd5 11. h5 Nxd4 12. Bxd4 Bxd4 13. Qxd4 Be6 14. Bd3
Nc6 15. Qf4 g5 16. Qg3 Qf6 17. Ne2 h6 18. Rdf1 Rfc8 19. Kb1 Nb4 20. f4 Nxd3 21.
cxd3 Re8 22. Nc3 Rec8 23. f5 Bxf5 24. Nxd5 Qe6 25. Rxf5 Rd8 26. Re1 Qa6 27. Re7
Rac8 28. Rfxf7 Rxd5 29. Rg7+ Kh8 30. Rh7+ Kg8 31. Reg7+ Kf8 32. Qf3+ 1-0

[Event "2017 Oceania Zone 3.6 Zonal Championshi"]
[Site "Auckland NZL"]
[Date "2017.01.15"]
[Round "2.46"]
[White "Willathgamuwa, Rowan"]
[Black "Dias, Douglas"]
[Result "1-0"]
[WhiteElo "1806"]
[BlackElo "1399"]
[PlyCount "143"]
[EventDate "2017.01.14"]

1. Nf3 c5 2. c4 Nc6 3. g3 Nf6 4. Bg2 g6 5. Nc3 Bg7 6. d3 O-O 7. O-O e5 8. a3 a6
9. Rb1 d6 10. b4 Re8 11. b5 axb5 12. Rxb5 e4 13. dxe4 Nxe4 14. Nxe4 Rxe4 15.
Nd2 Re7 16. e3 Ne5 17. Qb3 Rb8 18. Bb2 b6 19. Bxe5 Bxe5 20. Rb1 Ra7 21. Rxb6
Rxb6 22. Qxb6 Qxb6 23. Rxb6 Be6 24. Rb8+ Kg7 25. Ra8 Rxa8 26. Bxa8 Bc3 27. Ne4
Bb2 28. a4 Bxc4 29. Nxd6 Bd3 30. Bd5 Bc3 31. Bc4 Bc2 32. Bb5 Bb3 33. Kf1 Be5
34. Ne4 h5 35. Nxc5 Bd5 36. a5 h4 37. a6 hxg3 38. hxg3 Bb8 39. Ke2 Ba7 40. Na4
f5 41. Kd3 Bf3 42. Kc4 g5 43. Nc5 Kg6 44. Nd7 Kh5 45. Ne5 Bg2 46. Be8+ Kh6 47.
Kb5 f4 48. Bc6 Bf1+ 49. Ka5 fxe3 50. fxe3 Kg7 51. e4 Bf2 52. g4 Be2 53. Bd7 Bf1
54. Nc6 Bg2 55. Bf5 Kf6 56. a7 Bxa7 57. e5+ Kf7 58. e6+ Kf6 59. Nxa7 Bd5 60.
Nb5 Bxe6 61. Nd4 Bxf5 62. Nxf5 Ke5 63. Kb5 Kf4 64. Nh6 Ke5 65. Kc5 Kf6 66. Kd5
Kg7 67. Nf5+ Kf6 68. Ne3 Kg6 69. Ke5 Kh6 70. Kf5 Kg7 71. Kxg5 Kf7 72. Kf5 1-0

[Event "2017 Oceania Zone 3.6 Zonal Championshi"]
[Site "Auckland NZL"]
[Date "2017.01.15"]
[Round "2.47"]
[White "Archer, Saffron"]
[Black "Dragalchuk, Vladislav"]
[Result "1-0"]
[WhiteElo "1417"]
[BlackElo "1800"]
[PlyCount "73"]
[EventDate "2017.01.14"]

1. e4 c6 2. d4 d5 3. Nc3 dxe4 4. Nxe4 Nd7 5. Nf3 Ngf6 6. Nxf6+ Nxf6 7. c3 Bg4
8. Bf4 e6 9. h3 Bh5 10. Be2 Be7 11. O-O h6 12. Ne5 Bxe2 13. Qxe2 O-O 14. Rfd1
Qb6 15. Rab1 Rad8 16. b4 Nd5 17. Bd2 Qc7 18. Qg4 Nf6 19. Qf3 Rfe8 20. Re1 g5
21. h4 g4 22. Nxg4 Nxg4 23. Qxg4+ Kh7 24. Qh5 Bf8 25. g4 e5 26. Qf5+ Kh8 27. g5
Re6 28. gxh6 Rg6+ 29. Kf1 exd4 30. Bf4 Bd6 31. Bxd6 Qxd6 32. Qxf7 Rxh6 33. Re7
Rg8 34. Rbe1 Rxh4 35. R1e6 d3 36. Qf6+ Rg7 37. Qxg7# 1-0

[Event "2017 Oceania Zone 3.6 Zonal Championshi"]
[Site "Auckland NZL"]
[Date "2017.01.15"]
[Round "2.48"]
[White "Lane, Ryan"]
[Black "Qin, Oscar Shu Xuan"]
[Result "0-1"]
[WhiteElo "1793"]
[BlackElo "1375"]
[PlyCount "116"]
[EventDate "2017.01.14"]

1. e4 e5 2. Nf3 Nc6 3. d4 exd4 4. Nxd4 Nf6 5. Nc3 Bb4 6. Nxc6 bxc6 7. Bd3 d5 8.
exd5 cxd5 9. O-O O-O 10. Bg5 c6 11. Qf3 Bd6 12. h3 Be6 13. Ne2 Be5 14. c3 h6
15. Bh4 Rb8 16. Rab1 Qc7 17. Qe3 Nd7 18. f4 Bf6 19. Qg3 Bxh4 20. Qxh4 Nf6 21.
Rf3 Kh8 22. Rg3 Rg8 23. Nd4 Qc8 24. b3 a6 25. Re1 c5 26. Nxe6 fxe6 27. Rg6 Nh7
28. Qe7 Rb7 29. Rxh6 gxh6 30. Qh4 Rbg7 31. g4 Qd8 32. Qxh6 Re8 33. Qh5 Kg8 34.
Bg6 Ree7 35. Re5 d4 36. cxd4 cxd4 37. Bd3 Nf6 38. Qh4 Nd5 39. Re4 Nb4 40. Bc4
Qd6 41. f5 Rh7 42. Qg5+ Reg7 43. Bxe6+ Kh8 44. Qc1 Qg3+ 45. Kf1 Qf3+ 46. Kg1
Rxh3 47. Qc8+ Kh7 48. Bg8+ Rxg8 49. Re7+ Rg7 50. Rxg7+ Kxg7 51. Qd7+ Kh6 52.
Qe6+ Kg5 53. Qe7+ Kxg4 54. Qg7+ Kxf5 55. Qf7+ Ke4 56. Qe6+ Kd3 57. Qc4+ Kd2 58.
Qxd4+ Nd3 0-1

[Event "2017 Oceania Zone 3.6 Zonal Championshi"]
[Site "Auckland NZL"]
[Date "2017.01.15"]
[Round "2.49"]
[White "Nylund, Benjamin"]
[Black "Gold, Hamish R"]
[Result "0-1"]
[WhiteElo "1390"]
[BlackElo "1792"]
[PlyCount "52"]
[EventDate "2017.01.14"]

1. c4 e6 2. d4 Nf6 3. Nf3 b6 4. g3 Bb7 5. Bg2 d6 6. Nc3 Be7 7. O-O O-O 8. b3
Nbd7 9. Bb2 Ne4 10. Qc2 Nxc3 11. Bxc3 f5 12. Rad1 Qe8 13. d5 e5 14. e3 Qh5 15.
Bd2 g5 16. e4 g4 17. Ne1 f4 18. gxf4 exf4 19. Nd3 f3 20. Bh1 Bg5 21. Bc3 Rae8
22. Rde1 Ne5 23. Nxe5 dxe5 24. Bd2 Rf6 25. Bxg5 Qxg5 26. Qc1 Qh4 0-1

[Event "2017 Oceania Zone 3.6 Zonal Championshi"]
[Site "Auckland NZL"]
[Date "2017.01.15"]
[Round "2.50"]
[White "Nylund, Timothy"]
[Black "Korenevski, Oleg"]
[Result "0-1"]
[WhiteElo "1346"]
[BlackElo "1782"]
[PlyCount "64"]
[EventDate "2017.01.14"]

1. e4 e5 2. Nf3 Nc6 3. Bc4 Bc5 4. O-O Nf6 5. Nc3 O-O 6. d3 h6 7. Qe2 a6 8. Be3
d6 9. a3 Bg4 10. h3 Bh5 11. b4 Bd4 12. Bxd4 Nxd4 13. Qd1 Qd7 14. g4 Bxg4 15.
hxg4 Qxg4+ 16. Kh1 Nxf3 17. Qxf3 Qxf3+ 18. Kg1 Ng4 19. Nd1 h5 20. Re1 h4 21.
Re3 Nxe3 22. Nxe3 g5 23. Kf1 h3 24. Ke1 h2 25. Kd2 Qxf2+ 26. Kc3 Qxe3 27. Rb1
Qd4+ 28. Kb3 b5 29. c3 bxc4+ 30. dxc4 Qf2 31. Ka4 a5 32. bxa5 Rfb8 0-1

[Event "2017 Oceania Zone 3.6 Zonal Championshi"]
[Site "Auckland NZL"]
[Date "2017.01.15"]
[Round "2.51"]
[White "Cabunagan, Tito"]
[Black "Oka, Tsukasa"]
[Result "1-0"]
[WhiteElo "1779"]
[BlackElo "1276"]
[PlyCount "73"]
[EventDate "2017.01.14"]

1. e4 c5 2. Nf3 d6 3. d4 cxd4 4. Qxd4 Nc6 5. Qa4 Nf6 6. Bg5 e5 7. Bb5 Bd7 8.
Nc3 Be7 9. Bxf6 Bxf6 10. Nd5 Nd4 11. Bxd7+ Qxd7 12. Qxd7+ Kxd7 13. Nxd4 exd4
14. Nxf6+ gxf6 15. O-O-O Rhg8 16. g3 Rg4 17. f3 Rg5 18. Rxd4 Kc6 19. Rhd1 Rd8
20. f4 Rh5 21. h4 d5 22. f5 Kc7 23. Rxd5 Rxd5 24. Rxd5 Kc6 25. c4 a6 26. a4 b6
27. Kc2 a5 28. Kc3 Rh6 29. b4 axb4+ 30. Kxb4 Rh5 31. a5 bxa5+ 32. Kxa5 Rh6 33.
c5 Rh5 34. Kb4 Rh6 35. Rd6+ Kc7 36. Kb5 Rh5 37. Rxf6 1-0

[Event "2017 Oceania Zone 3.6 Zonal Championshi"]
[Site "Auckland NZL"]
[Date "2017.01.15"]
[Round "2.53"]
[White "Barry, Jacob"]
[Black "Buciu, Aurel-John"]
[Result "0-1"]
[WhiteElo "1224"]
[BlackElo "1718"]
[PlyCount "156"]
[EventDate "2017.01.14"]

1. e4 d5 2. exd5 Qxd5 3. Nf3 Bf5 4. Nc3 Qd8 5. d4 e6 6. a3 c6 7. g3 Nf6 8. Bg2
Be7 9. O-O Bg4 10. Qd3 Nbd7 11. Re1 Qa5 12. Bd2 Qb6 13. Na4 Qd8 14. c4 O-O 15.
Nc3 Nc5 16. Qc2 Bf5 17. Qd1 Nd3 18. Re3 Nxb2 19. Qb3 Qb6 20. Ne2 Qxb3 21. Rxb3
Nxc4 22. Rxb7 Nd5 23. Ne5 Nxd2 24. Bxd5 cxd5 25. Rxe7 Be4 26. Nc6 a6 27. Ne5
Rab8 28. Rc1 Rb3 29. Nd7 Nf3+ 30. Kf1 Nxh2+ 31. Kg1 Nf3+ 32. Kf1 Ra8 33. Nf4
Nxd4 34. Nh5 Nf5 35. Nc5 Nxe7 36. Nxb3 Rc8 37. Re1 h6 38. Nd2 Bg6 39. Nf4 Bf5
40. a4 Rc2 41. Nb3 Rc4 42. a5 Ng6 43. Nh5 Bg4 44. Nf4 Nxf4 45. gxf4 Rxf4 46.
Nc5 Bf5 47. Rd1 Rc4 48. Nb7 Rb4 49. Nd6 Bc2 50. Rc1 Bd3+ 51. Ke1 Bg6 52. Rc6
Bd3 53. Rc8+ Kh7 54. Nxf7 Re4+ 55. Kd2 Bb5 56. Rh8+ Kg6 57. Nd6 Re2+ 58. Kc3
Ra2 59. Nxb5 axb5 60. Kb4 Rxf2 61. Kxb5 d4 62. a6 Rb2+ 63. Kc4 Ra2 64. Kb5 e5
65. Kb6 Kf5 66. a7 d3 67. Rd8 Ke4 68. Kb7 Ke3 69. Rd5 e4 70. Rd7 d2 71. Rd6 Ke2
72. Rd4 d1=Q 73. Rxd1 Rxa7+ 74. Kxa7 Kxd1 75. Kb6 e3 76. Kc5 e2 77. Kd4 e1=R
78. Kd3 Re8 0-1

[Event "2017 Oceania Zone 3.6 Zonal Championshi"]
[Site "Auckland NZL"]
[Date "2017.01.15"]
[Round "2.54"]
[White "Booth, Anthony J"]
[Black "Dukeson, Ryan"]
[Result "1-0"]
[WhiteElo "1716"]
[BlackElo "1150"]
[PlyCount "121"]
[EventDate "2017.01.14"]

1. d4 d6 2. c4 g6 3. Nc3 Bg7 4. Bf4 Nd7 5. Nf3 e5 6. dxe5 dxe5 7. Bg3 Ne7 8. e4
O-O 9. Bh4 Nf6 10. Be2 Nc6 11. O-O Be6 12. Nd5 Re8 13. Qc2 Bxd5 14. cxd5 Nb4
15. Qc4 Qd6 16. a3 Na6 17. b4 Rac8 18. Rac1 c6 19. Bxf6 Bxf6 20. Rfd1 Qe7 21.
d6 Qd7 22. Rc2 Re6 23. Rcd2 Rd8 24. Qd3 c5 25. b5 Nb8 26. Qd5 b6 27. a4 h6 28.
Rd3 Bg7 29. R3d2 Bf6 30. Bc4 Bg7 31. Qd3 Ree8 32. Nh4 Bf8 33. Nxg6 Kh7 34.
Nxf8+ Rxf8 35. f4 f6 36. f5 Kh8 37. Qg3 Qh7 38. Be6 Rfe8 39. Qg4 Nd7 40. Bc4
Nf8 41. Rd3 Rd7 42. Rh3 Qg7 43. Rxh6+ Nh7 44. Rg6 Qf8 45. Rg8+ Qxg8 46. Bxg8
Rxg8 47. Qh3 Rgd8 48. Qd3 Ng5 49. Qd5 Kg7 50. Rd3 Nf7 51. Rg3+ Kf8 52. Rg6 Rxd6
53. Qb7 Rd1+ 54. Kf2 R1d2+ 55. Kg3 R8d3+ 56. Kh4 Rd7 57. Qb8+ Ke7 58. Qg8 Kd6
59. Rxf6+ Kc7 60. Rc6+ Kb7 61. Qc8# 1-0